| 000 | 00582nam a2200205 i 4500 | ||
|---|---|---|---|
| 001 | 96988 | ||
| 003 | ES-MaACL | ||
| 007 | t| | ||
| 008 | 050705s1974 sp ||||1| spa d | ||
| 100 | 1 |
_aMansfield, M. J. _976117 |
|
| 245 | 1 | 0 |
_aIntroducción a la Topología / _cM. J. Mansfield; versión de A. López-Lago. |
| 250 | _a[1ª ed.]. | ||
| 260 |
_aMadrid : _bAlhambra, _c1974. |
||
| 300 |
_aIX, 136 p. : _bil. ; _c20 cm. |
||
| 490 | 1 | _aExedra | |
| 700 | 1 |
_aLópez-Lago, A. _973719 |
|
| 830 | 0 |
_aExedra _9177436 |
|
| 852 |
_aES-MaACL _jE-8745 _bR.93215 |
||
| 999 |
_c96988 _d96988 |
||